[Event "Havana Province-ch U14"]
[Site "Havana"]
[Date "2010.04.01"]
[Round "9"]
[White "Apian Medel, Abel"]
[Black "Girones Barrios, Yans Richard"]
[Result "1/2-1/2"]
[WhiteElo "2090"]
[BlackElo "2176"]
[PlyCount "43"]
[EventDate "2010.03.21"]
[EventType "tourn"]
[EventRounds "13"]
[EventCountry "CUB"]
[EventCategory "1"]
[SourceTitle "EXT 2012"]
[Source "ChessBase"]
[SourceDate "2011.11.24"]
[SourceVersion "1"]
[SourceVersionDate "2011.11.24"]
[SourceQuality "1"]

1. e4 e5 2. Nf3 Nc6 3. Bc4 Bc5 4. 0-0 Nf6 5. d4 Bxd4 6. Nxd4 Nxd4 7. f4 d6 8. fxe5 dxe5 9. Bg5 Qe7 10. Na3 a6 11. c3 Ne6 12. Bxf6 gxf6 13. Qf3 Nf4 14. g3 Rg8 15. Kh1 Bh3 16. Rf2 Bg4 17. Qe3 Nh5 18. Be2 Qe6 19. Bc4 Qe7 20. Be2 Qe6 21. Bc4 Qe7 22. Be2 1/2-1/2

[Event "Havana Province-ch U14"]
[Site "Havana"]
[Date "2010.03.28"]
[Round "6"]
[White "Apian Medel, Abel"]
[Black "Cruz Portuondo, Manuel de Jesus"]
[Result "0-1"]
[WhiteElo "2090"]
[BlackElo "2056"]
[PlyCount "74"]
[EventDate "2010.03.21"]
[EventType "tourn"]
[EventRounds "13"]
[EventCountry "CUB"]
[EventCategory "1"]
[SourceTitle "EXT 2012"]
[Source "ChessBase"]
[SourceDate "2011.11.24"]
[SourceVersion "1"]
[SourceVersionDate "2011.11.24"]
[SourceQuality "1"]

1. e4 c5 2. Nf3 d6 3. Nc3 a6 4. d4 cxd4 5. Nxd4 Nf6 6. Be3 e5 7. Nb3 Be6 8. Qd2 Be7 9. 0-0-0 Ng4 10. g3 Nxe3 11. Qxe3 0-0 12. Kb1 Qc7 13. f4 exf4 14. gxf4 Bf6 15. Nd5 Bxd5 16. Rxd5 Nc6 17. a3 a5 18. Rg1 a4 19. Nd2 Ne7 20. Rh5 Nc6 21. f5 Rfe8 22. Nf3 d5 23. Bd3 dxe4 24. Bxe4 Rad8 25. c3 Qd7 26. Re1 Qd6 27. Ka1 Na5 28. Rh3 Nb3+ 29. Ka2 Nc5 30. Ng5 Bxg5 31. Qxg5 Nxe4 32. Qh4 Nf6 33. Rg1 Qd5+ 34. c4 Qxf5 35. Rg5 Qe4 36. Rxg7+ Kf8 37. Qxe4 Rxe4 0-1